Statistics for People Who Died or are Buried in Los Angeles

Click here to take the quiz!

General Stats

  • This quiz has been taken 8,205 times
  • The average score is 13 of 20

Answer Stats

DiedAgeHintAnswer% Correct
200950His songs include "Billie Jean" and "Thriller"Michael Jackson
100%
196236This blonde bombshell was born Norma Jeane MortensonMarilyn Monroe
92%
201248"I Will Always Love You", she sangWhitney Houston
84%
200493Former U.S. President and California governorRonald Reagan
80%
199323Older brother of Joaquin, he died of an overdose at the Viper RoomRiver Phoenix
78%
196842Likely Presidential nominee who was assassinated by Sirhan SirhanRobert F. Kennedy
76%
200480He starred as Vito Corleone in "The Godfather"Marlon Brando
68%
199724
Many people think this rapper's murder was retaliation for
the murder of Tupac Shakur the previous year
The Notorious B.I.G.
66%
201179
This "Cleopatra" actress was married eight times,
twice to Richard Burton
Elizabeth Taylor
65%
199882
This beloved, blue-eyed crooner was investigated by the FBI
for his alleged relationship with the Mafia
Frank Sinatra
65%
198080British film director who made cameo appearances in 40 of his own filmsAlfred Hitchcock
64%
194044
This "Great Gatsby" author moved to Los Angeles but failed
to succeed as a screenwriter
F. Scott Fitzgerald
60%
197972Western movie star known as "The Duke"John Wayne
59%
198977
She starred in "I Love Lucy" and later ran a successful
TV production studio
Lucille Ball
57%
196665He died of lung cancer before his EPCOT center could be completedWalt Disney
57%
199435
She was allegedly stabbed by her ex-husband, who later wrote a
book entitled "If I Did It"
Nicole Brown
Simpson
56%
196926
Actress married to Roman Polanski who was murdered by
the Manson family
Sharon Tate
54%
195757
"I think this is the beginning of a beautiful friendship", he said
at the end of Casablanca
Humphrey Bogart
51%
198233"Animal House" comedian who died of a drug overdoseJohn Belushi
47%
195188
This publishing magnate helped to start the Spanish-American War.
Later he was the inspiration for "Citizen Kane".
William Randolph
Hearst
31%

Score Distribution

Percentile by Number Answered

Percent of People with Each Score

Your Score History

You have not taken this quiz